Assembly Language Step-By-Step (Record no. 131990)
[ view plain ]
| 000 -LEADER | |
|---|---|
| fixed length control field | 00447nam a2200169Ia 4500 |
| 008 - FIXED-LENGTH DATA ELEMENTS--GENERAL INFORMATION | |
| fixed length control field | 230312s9999 xx 000 0 und d |
| 041 ## - LANGUAGE CODE | |
| Language code of text/sound track or separate title | eng |
| 082 ## - DEWEY DECIMAL CLASSIFICATION NUMBER | |
| Classification number | 005.265 |
| Item number | 005.265 DUN |
| 100 ## - MAIN ENTRY--PERSONAL NAME | |
| Personal name | Duntemann J. |
| 9 (RLIN) | 171540 |
| 245 ## - TITLE STATEMENT | |
| Title | Assembly Language Step-By-Step |
| Remainder of title | Programming With Linux |
| 250 ## - EDITION STATEMENT | |
| Edition statement | 3rd ed. |
| 260 ## - PUBLICATION, DISTRIBUTION, ETC. (IMPRINT) | |
| Name of publisher, distributor, etc. | Wiley India |
| 365 ## - TRADE PRICE | |
| Currency code | Rs. |
| Price amount | 569.00 |
| 710 ## - ADDED ENTRY--CORPORATE NAME | |
| Corporate name or jurisdiction name as entry element | Duntemann J. |
| 9 (RLIN) | 171541 |
| 906 ## - LOCAL DATA ELEMENT F, LDF (RLIN) | |
| b | 853.5 |
No items available.